| 000 | 01626cam a2200373 a 4500 | ||
|---|---|---|---|
| 001 | 15805348 | ||
| 003 | ARRUPE | ||
| 005 | 20160229143516.0 | ||
| 008 | 090707s2010 txu b 001 0 eng | ||
| 010 | _a 2009027671 | ||
| 015 |
_aGBA9A4887 _2bnb |
||
| 016 | 7 |
_a015403338 _2Uk |
|
| 020 | _a9781932792911 (pbk. : alk. paper) | ||
| 020 | _a1932792910 (pbk. : alk. paper) | ||
| 035 | _a(OCoLC)ocn318878118 | ||
| 040 |
_aDLC _cDLC _dBTCTA _dC#P _dYDXCP _dBWX _dUKM _dCDX _dHNW _dDTM _dDLC |
||
| 050 | 0 | 0 |
_aBS1315.52 _b.H65 2009 |
| 100 | 1 |
_aHolmstedt, Robert D. _922553 |
|
| 245 | 1 | 0 |
_aRuth : _ba handbook on the Hebrew text / _cRobert D. Holmstedt. |
| 260 |
_aWaco, Tex. : _bBaylor University Press, _cc2010. |
||
| 300 |
_avii, 226 p. ; _c19 cm. |
||
| 490 | 1 | _aBaylor handbook on the Hebrew Bible | |
| 504 | _aIncludes bibliographical references (p. 215-221) and indexes. | ||
| 505 | 0 | _aLinguistic background to the grammatical commentary on Ruth -- The role of linguistic features in dating the book -- The use of language to color characters' speech -- Act I -- Act II -- Act III -- Act IV. | |
| 630 | 0 | 0 |
_aBible. _pRuth _xCriticism, Textual. _922554 |
| 630 | 0 | 0 |
_aBible. _pRuth. _lHebrew _xVersions. _922555 |
| 630 | 0 | 0 |
_aBible. _pRuth _xLanguage, style. _922556 |
| 650 | 0 |
_aHebrew language _xGrammar. _922557 |
|
| 650 | 0 |
_aHebrew language _xDiscourse analysis. _922558 |
|
| 830 | 0 |
_aBaylor handbook on the Hebrew Bible series. _922559 |
|
| 906 |
_a7 _bcbc _corignew _d1 _eecip _f20 _gy-gencatlg |
||
| 942 |
_2lcc _cMONOGRAPH |
||
| 999 |
_c124244 _d124244 |
||